00127nas a2200061Ia 4500245004300000260000900043310001300052 aIndian Journal of Clinical Psychology c2012 aQuaterly